|
|
|
|
| LEADER |
01612nam a22003252a 4500 |
| 001 |
001154909 |
| 003 |
CZ BrMZK |
| 005 |
20111007102435.0 |
| 007 |
ta |
| 008 |
110622s1979 xr er|||||||||||cze d |
| 015 |
|
|
|a cnb000155396
|
| 035 |
|
|
|a (OCoLC)40080497
|
| 040 |
|
|
|a ABA001
|b cze
|c ABA001
|d ABA001
|d BOA001
|
| 080 |
9 |
|
|a 778.6
|
| 100 |
1 |
|
|a Tausk, Petr,
|d 1927-1988
|7 jk01132116
|4 aut
|
| 245 |
1 |
0 |
|a Materiály pro barevnou fotografii a jejich zpracování /
|c Petr Tausk, Bohuslav Pádr
|
| 250 |
|
|
|a 1. vyd.
|
| 260 |
|
|
|a Praha :
|b Státní nakladatelství technické literatury,
|c 1979
|
| 300 |
|
|
|a 147 s.
|
| 490 |
1 |
|
|a Polytechnická knižnice. Řada 2, Příručky ;
|v sv. 86
|
| 504 |
|
|
|a Obsahuje bibliografii
|
| 520 |
|
|
|a Fotografové naleznou v příručce podrobné informace o snímacích materiálech pro barevnou fotografii, a to jak o negativních a inverzních filmech, tak i o barevných snímacích materiálech pro okamžitou fotografii. Seznámí se sezásadami výběru snímacích materiálů, s vlastnostmi, skladováním a jednotlivými druhy pozitivních materiálů a s předpisy pro vyvolání inverzních filmů
|
| 700 |
1 |
|
|a Pádr, Bohuslav
|7 jk01091490
|4 aut
|
| 700 |
1 |
|
|a Houska, Miroslav
|7 jx20040624012
|4 art
|
| 830 |
|
0 |
|a Polytechnická knižnice (SNTL).
|n Řada 2,
|p Příručky
|
| 856 |
4 |
1 |
|u http://www.digitalniknihovna.cz/mzk/uuid/uuid:7aa3ee00-ef97-11e2-9923-005056827e52
|y Digitalizovaný dokument
|x NDK
|
| 910 |
|
|
|a BOA001
|b 2-0812.999
|
| 990 |
|
|
|a BK
|
| 991 |
|
|
|b 201106
|
| 996 |
6 |
|
|b 2619424719
|c 2-0812.999
|l MZK
|r Sklad / do 1 hodiny
|n 4
|w 001188004
|u 000010
|a 1
|e BOA001
|j MZK50
|s P
|